| 000 -LEADER |
| fixed length control field |
00846pab a2200193 454500 |
| 008 - FIXED-LENGTH DATA ELEMENTS--GENERAL INFORMATION |
| fixed length control field |
180718b2003 xxu||||| |||| 00| 0 eng d |
| 100 ## - MAIN ENTRY--PERSONAL NAME |
| Personal name |
Sankar, Deep |
| 245 ## - TITLE STATEMENT |
| Title |
Health sector in 2003-04 budget |
| 260 ## - PUBLICATION, DISTRIBUTION, ETC. |
| Date of publication, distribution, etc. |
2003 |
| 300 ## - PHYSICAL DESCRIPTION |
| Extent |
p.1443-446. |
| 362 ## - DATES OF PUBLICATION AND/OR SEQUENTIAL DESIGNATION |
| Dates of publication and/or sequential designation |
12 Apr |
| 520 ## - SUMMARY, ETC. |
| Summary, etc. |
A number of concessions in the form of reduced excise, customs, or income tax exemptions have been announced for the health care industry. However, health care also needs to be viewed as a service. This the budget has neglected to do. Launching of an insurance scheme is a laudable beginning but overall rural healthcare has gained little in this budget. - Reproduced. |
| 650 ## - SUBJECT ADDED ENTRY--TOPICAL TERM |
| Topical term or geographic name entry element |
Budget - India |
| 650 ## - SUBJECT ADDED ENTRY--TOPICAL TERM |
| Topical term or geographic name entry element |
Health services - India |
| 650 ## - SUBJECT ADDED ENTRY--TOPICAL TERM |
| Topical term or geographic name entry element |
Health services |
| 700 ## - ADDED ENTRY--PERSONAL NAME |
| Personal name |
Kathuria, Vinish |
| 773 ## - HOST ITEM ENTRY |
| Main entry heading |
Economic and Political Weekly |
| 909 ## - |
| -- |
55984 |